00421nam a2200145Ia 4500100001300000490000700013942000700020654001400027245006800041260003500109300000700144546001200151999001700163952009500180 aSiemens  v37 cBK acapacitor aConstructional features and operating characteristics capacitor bWiley easternaNew Delhic1991 a68 aENGLISH c28050d28050 001040708CRCaCRCEbCRCEc1564 | 70d2023-03-17l0o p3346r2023-03-17w2023-03-17yBK